Numéros des départements de la région Centre-Val de Loire - Statistiques

Statistiques générales
  • Ce quiz a été pris 176 fois
  • Le résultat moyen est 5 sur 6
Statistiques - réponses
Département Numéro % Correct
Cher 18
95%
Eure-et-Loir 28
92%
Indre 36
91%
Indre-et-Loir 37
91%
Loiret 45
91%
Loir-et-Cher 41
87%
Aucun quiz correspondant
Distribution des résultats
% des personnes avec chaque résultat
Percentile par nombre de réponses
Votre historique - résultats
Vous n’avez pas pris ce quiz